Normal view
MARC view
Entry Topical Term
001 - CONTROL NUMBER
- control field: 726592
003 - CONTROL NUMBER IDENTIFIER
- control field: OSt
005 - DATE AND TIME OF LATEST TRANSACTION
- control field: 20241129105907.0
008 - FIXED-LENGTH DATA ELEMENTS
- fixed length control field: 241129|| aca||aabn | a|a d
040 ## - CATALOGING SOURCE
- Original cataloging agency: OSt
- Transcribing agency: OSt
150 ## - HEADING--TOPICAL TERM
- Topical term or geographic name entry element: Hindi Prsoe
670 ## - SOURCE DATA FOUND
- Source citation: Work cat.: (OSt)1226474: अग्रवाल, दुर्गाप्रसाद, ले. 169250, जो देश हम बना रहे हैं, 2020
